000 00453nam a2200169Ia 4500
008 230917s9999||||xx |||||||||||||| ||und||
020 _cRS160
040 _e233109
_aMAIN
041 _aEnglish
082 _a340.072 D15L
100 _aDalal, A S
245 0 _aLegal research methods in India
260 _aNew Delhi
_bBright Law Publishers
_c2015
300 _av, 165 p.
500 _a3582 13/08/2019 HBD16/6577 29/06/2016 Main Budget
942 _cBK
999 _c32435
_d32435